000 01457nam1a22003011i 4500
001 v19\rc\1743712
005 20260406183645.0
035 _a(NLR Aleph) 004850056
090 _a4911776
_c4911776
100 _a20061204d19001916|||y0rusy50 ca
101 0 _arus
102 _aRU
105 _ay z |||||
200 1 _aДенежный отчет Киевского первого коммерческого училища...
210 _aКиев
_d1900-1916
215 _d25
300 _aЗагл. отчетов: с 17 окт. 1896 г. по 1 янв. 1900 г.: Отчет Киевского коммерческого училища о приходе, расходе и остатке сумм; за 1900-1902 гг.: Денежный отчет Киевского коммерческого училища
517 0 _aОтчет Киевского коммерческого училища о приходе, расходе и остатке сумм
517 0 _aДенежный отчет Киевского коммерческого училища
710 0 2 _aКиевское коммерческое уч-ще
_c1
_9393398
_3RU\NLR\AUTH\889948877
801 0 _aRU
_bNLR
_gpsbo
801 0 _aRU
_bRuMoRGB
_2psbo
801 1 _aRU
_bProSoft-M
_2rusmarc
852 _aNLR (1896-1915)
_jШифры разные
899 _aRuMoRGB (1896-1913)
_jF 71/174а
899 _aRuMoRGB (1896-1913)
_jF 194/17
899 _aБАН (1896-1912)
942 _cBOOK